Quién llama en los hielos

Αποθηκεύτηκε σε:
Λεπτομέρειες βιβλιογραφικής εγγραφής
Κύριος συγγραφέας: Serrano, Miguel (Συγγραφέας)
Μορφή: Βιβλίο
Γλώσσα:Ισπανικά
Έκδοση: Santiago Nascimento 1957
Έκδοση:1a. ed
Θέματα:
Ετικέτες: Προσθήκη ετικέτας
Δεν υπάρχουν, Καταχωρήστε ετικέτα πρώτοι!

MARC

LEADER 00000cam a2200000 a 4500
001 UCJ4008
003 CL-VaPUC
008 070124e19570000CL |||||||||||||||||spa|d
082 0 4 |a Ch863  |b SER  |2 21 
100 0 |a Serrano, Miguel  |e author  |9 456359 
245 1 0 |a Quién llama en los hielos 
250 |a 1a. ed 
300 |a 244 p 
942 |c BK 
945 |d 20070124 00:00:00  |a rinostro 
260 |a Santiago  |b Nascimento  |c 1957 
500 |a Novela ambientada en la Antártida Chilena 
650 0 |a Novelas chilenas   |9 265425 
650 0 |a Expediciones científicas  |9 265222 
651 0 |a Antártica (Antártida)  |9 324088 
583 |a last modification  |c 20140814 11:38:13  |k Rodrigo Vera 
999 |c 320126  |d 320124 
952 |0 0  |1 0  |4 0  |6 CH_863_000000000000000_SER_1957  |7 0  |8 X  |9 398594  |a FDOBUD  |b FDOBUD  |d 2019-11-22  |i 101210K  |o Ch863 SER 1957  |p 101210K  |r 2019-11-22  |w 2019-11-22  |y BK_X  |k BUD 
952 |0 0  |1 0  |3 erb  |4 0  |6 CH_863_000000000000000_SER_1957  |7 0  |8 A  |9 398595  |a BIBEDU  |b BIBEDU  |i 5007070  |o Ch863 SER 1957  |p 5007070  |r 2019-11-22  |w 2019-11-22  |y BK  |z Catalogado en:20140814  |k LIT 
952 |0 0  |1 0  |3 erb  |4 0  |6 CH_863_000000000000000_SER_1957  |7 0  |8 A  |9 398596  |a BIBART  |b BIBART  |i 5239605  |o Ch863 SER 1957  |p 5239605  |r 2025-03-13  |w 2019-11-22  |y BK  |z Catalogado en:20170331  |k ART